NPB 2025シーズンの勝利投手(セ・リーグ) - Statistics

General Stats
  • This quiz has been taken 41 times
    30 since last reset
  • The average score is 61 of 114
Answer Stats
球団 勝利数 名前 % Correct
阪神 14 村上頌樹
100%
横浜DeNA 14 東克樹
100%
読売 11 山﨑伊織
100%
阪神 3 髙橋遥人
94%
阪神 1 石井大智
94%
読売 8 大勢
94%
読売 8 戸郷翔征
94%
読売 3 マルティネス
94%
中日 8 髙橋宏斗
94%
広島東洋 3 髙太一
94%
広島東洋 2 高橋昂也
94%
東京ヤクルト 3 高橋奎二
94%
阪神 12 才木浩人
89%
横浜DeNA 1 森唯斗
89%
広島東洋 7 森翔平
89%
阪神 9 大竹耕太郎
83%
阪神 6 及川雅貴
83%
阪神 1 岩崎優
83%
横浜DeNA 10 ジャクソン
83%
横浜DeNA 9 ケイ
83%
横浜DeNA 3 石田裕太郎
83%
中日 11 大野雄大
83%
広島東洋 7 大瀬良大地
83%
中日 3 柳裕也
78%
広島東洋 6 森下暢仁
78%
広島東洋 1 栗林良吏
78%
阪神 5 伊原陵人
72%
阪神 4 伊藤将司
72%
読売 5 石川達也
72%
読売 3 田中将大
72%
読売 1 田中瑛斗
72%
中日 4 清水達也
72%
中日 1 伊藤茉央
72%
広島東洋 9 床田寛樹
72%
広島東洋 4 島内颯太郎
72%
東京ヤクルト 4 奥川恭伸
72%
東京ヤクルト 2 石川雅規
72%
阪神 6 デュプランティエ
67%
横浜DeNA 4 バウアー
67%
中日 2 金丸夢斗
67%
東京ヤクルト 4 小川泰弘
67%
東京ヤクルト 3 石山泰稚
67%
阪神 2 ドリス
61%
横浜DeNA 2 大貫晋一
61%
読売 6 赤星優志
61%
読売 6 グリフィン
61%
読売 4 井上温大
61%
読売 2 中川皓太
61%
中日 4 涌井秀章
61%
中日 1 藤嶋健人
61%
東京ヤクルト 3 大西広樹
61%
東京ヤクルト 3 高梨裕稔
61%
阪神 2 桐敷拓馬
56%
中日 4 齋藤綱記
56%
中日 4 マラー
56%
東京ヤクルト 8 吉村貢司郎
56%
阪神 4 湯浅京己
50%
阪神 3 岩貞祐太
50%
阪神 2 門別啓人
50%
横浜DeNA 4 竹田祐
50%
横浜DeNA 1 武田陸玖
50%
横浜DeNA 1 藤浪晋太郎
50%
読売 1 バルドナード
50%
中日 7 松葉貴大
50%
横浜DeNA 4 平良拳太郎
44%
横浜DeNA 3 入江大生
44%
読売 2 船迫大雅
44%
中日 2 メヒア
44%
広島東洋 2 森浦大輔
44%
広島東洋 1 佐藤柳之介
44%
東京ヤクルト 2 荘司宏太
44%
東京ヤクルト 1 田口麗斗
44%
阪神 2 早川太貴
39%
横浜DeNA 4 ウィック
39%
横浜DeNA 4 坂本裕哉
39%
読売 2 横川凱
39%
読売 1 ケラー
39%
中日 4 勝野昌慶
39%
阪神 2 島本浩也
33%
阪神 2 ネルソン
33%
阪神 1 岡留英貴
33%
中日 2 三浦瑞樹
33%
中日 1 岩嵜翔
33%
中日 1 松木平優太
33%
東京ヤクルト 2 木澤尚文
33%
東京ヤクルト 1 星知弥
33%
阪神 1 ビーズリー
28%
読売 2 西舘勇陽
28%
中日 2 梅野雄吾
28%
中日 2 橋本侑樹
28%
広島東洋 6 玉村昇悟
28%
広島東洋 2 鈴木健矢
28%
広島東洋 2 常廣羽也斗
28%
東京ヤクルト 5 山野太一
28%
東京ヤクルト 1 中村優斗
28%
阪神 2 ハートウィグ
22%
横浜DeNA 2 佐々木千隼
22%
横浜DeNA 1 小園健太
22%
読売 3 森田駿哉
22%
中日 1 福田幸之介
22%
東京ヤクルト 7 アビラ
22%
東京ヤクルト 3 ランバート
22%
東京ヤクルト 2 矢崎拓也
22%
東京ヤクルト 1 松本健吾
22%
阪神 1 富田蓮
17%
横浜DeNA 4 宮城滝太
17%
読売 1 菊地大稀
17%
読売 1 平内龍太
17%
広島東洋 3 中崎翔太
17%
広島東洋 1 遠藤淳志
11%
広島東洋 1 岡本駿
11%
広島東洋 1 ドミンゲス
11%
広島東洋 1 塹江敦哉
11%
東京ヤクルト 2 下川隼佑
6%
No matching quizzes found
Score Distribution
Percent of People with Each Score
Percentile by Number Answered
Your Score History
You have not taken this quiz since the last reset